000 00419 a2200169 4500
001 187625
020 _a85-262-1895-6
040 _cMagnum
100 _aCaruso, Aristides
240 1 0 _aA incrível expedição aos dinossauros
_lpor
245 1 0 _aA incrível expedição aos dinossauros
300 _a48
362 0 _a1992
440 1 _aScipione
697 _aLITERATURA INFANTO-JUVENIL ESTRANGEIRA
942 _cBK
999 _c187625
_d187625